|
|
|
|
| LEADER |
00000nab a2200000 a 4500 |
| 001 |
vtls000617501 |
| 003 |
SK-MaSNL |
| 005 |
20260304093308.0 |
| 008 |
250425c1997 xo 0 slo |
| 015 |
|
|
|a SNBRB19rr/mm-uuuuu
|
| 035 |
|
|
|a CL0617640
|
| 035 |
|
|
|a urn:nbn:sk:snk-ab25qq
|
| 035 |
|
|
|a (urnnbn)urn:nbn:sk:snk:ar-a01pnj
|
| 035 |
|
|
|a (uuid)878f5ce8-5dd3-4702-8a77-8905ff63f635
|
| 040 |
|
|
|a SNKBUCL
|b slo
|c SNKBUCL
|e AACR2
|
| 041 |
0 |
|
|a slo
|
| 044 |
|
|
|a xo
|c SK
|
| 080 |
|
|
|a 336.76(437.6)
|2 1981
|
| 080 |
|
|
|a 336.74(437.6)
|2 1981
|
| 100 |
1 |
|
|a Horniaková, Ľubica,
|d 1941-
|4 aut
|9 211583
|
| 245 |
1 |
0 |
|a Niekoľko pohľadov na trh cenných papierov
|c Ľubica Horniaková
|
| 300 |
|
|
|b Lit. 9 zázn. v češ., slov.
|
| 650 |
0 |
7 |
|a kapitálové trhy
|2 snkbucl
|9 2270
|
| 650 |
0 |
7 |
|a finančné trhy
|2 snkbucl
|9 2275
|
| 655 |
|
7 |
|a články z novín a časopisov
|2 snkbucl
|9 267496
|
| 773 |
0 |
|
|t Biatec
|g Roč. 5, č. 2 (1997), s. 15-22
|x 1335-0900
|
| 850 |
|
|
|a Slovenská národná knižnica
|
| 852 |
|
|
|a Slovenská národná knižnica
|
| 954 |
|
|
|a odborná, vedecká literatúra pôvodná (slovenská)
|2 lita
|
| 958 |
|
|
|a article2022
|
| 958 |
|
|
|a SK
|
| 958 |
|
|
|a NB
|
| 958 |
|
|
|a RK
|
| 958 |
|
|
|a OND
|
| 958 |
|
|
|a EUIPO
|
| 992 |
|
|
|a RBX
|
| 999 |
|
|
|c 2822521
|d 2824451
|